Essays In Sanskrit Criticism (Record no. 1378890)

MARC details
000 -LEADER
fixed length control field 00534nam a2200217Ia 4500
008 - FIXED-LENGTH DATA ELEMENTS--GENERAL INFORMATION
fixed length control field 160525s9999||||xx |||||||||||||| ||und||
040 ## - CATALOGING SOURCE
Transcribing agency English
082 ## - DEWEY DECIMAL CLASSIFICATION NUMBER
Classification number VII. A/Krishnamoorthy
082 ## - DEWEY DECIMAL CLASSIFICATION NUMBER
Item number BORI-40354
245 ## - TITLE STATEMENT
Title Essays In Sanskrit Criticism
300 ## - PHYSICAL DESCRIPTION
Extent 325
300 ## - PHYSICAL DESCRIPTION
Dimensions B
300 ## - PHYSICAL DESCRIPTION
Accompanying material Hardbound
530 ## - ADDITIONAL PHYSICAL FORM AVAILABLE NOTE
Uniform Resource Identifier <a href="00040354.pdf">00040354.pdf</a>
563 ## - BINDING INFORMATION
Binding note Study
630 ## - SUBJECT ADDED ENTRY--UNIFORM TITLE
Uniform title Essays In Sanskrit Criticism
650 ## - SUBJECT ADDED ENTRY--TOPICAL TERM
Topical term or geographic name as entry element Classical Lit
650 ## - SUBJECT ADDED ENTRY--TOPICAL TERM
Topical term or geographic name as entry element Sanskrit Poetry
730 ## - ADDED ENTRY--UNIFORM TITLE
Uniform title Essays In Sanskrit Criticism
942 ## - ADDED ENTRY ELEMENTS (KOHA)
Koha item type Book

No items available.